Electrical measurements and measuring instruments (Record no. 12447)

000 -LEADER
fixed length control field 00425nam a22001577a 4500
008 - FIXED-LENGTH DATA ELEMENTS--GENERAL INFORMATION
fixed length control field 210202b ||||| |||| 00| 0 eng d
082 00 - DEWEY DECIMAL CLASSIFICATION NUMBER
Classification number 621.37
Item number G9775
100 ## - MAIN ENTRY--PERSONAL NAME
9 (RLIN) 1846
Personal name Gupta, J.B.
245 10 - TITLE STATEMENT
Title Electrical measurements and measuring instruments
250 ## - EDITION STATEMENT
Edition statement 2nd ed.
260 ## - PUBLICATION, DISTRIBUTION, ETC. (IMPRINT)
Place of publication, distribution, etc Ludhiana
Name of publisher, distributor, etc Katson
Date of publication, distribution, etc 1971
300 ## - PHYSICAL DESCRIPTION
Extent xvi, 485p.
365 ## - TRADE PRICE
Unit of pricing 20.00
650 #0 - SUBJECT ADDED ENTRY--TOPICAL TERM
Topical term or geographic name as entry element Electrical Engineering
942 ## - ADDED ENTRY ELEMENTS (KOHA)
Item type Books
Holdings
Withdrawn status Lost status Source of classification or shelving scheme Damaged status Not for loan Permanent location Current location Date acquired Source of acquisition Full call number Barcode Date last seen Koha item type
          IMU Kolkata IMU Kolkata 1971-08-24 W. Newman & Co 621.37 G9775 03735 2021-02-02 Books
Designed and Maintained by IMU-KC Library, Kolkata Campus © Copyright All Rights Reserved

webs counters

Powered by Koha